00754pam a22002294a 4500008004100000100001900041245006800060250001200128260004300140300004700183500002000230504004100250650004000291650003600331650003800367650005400405700001700459700002100476003000100497005001700498040000900515 1 aHaag, Stephen.10aComputing concepts /cStephen Haag, Maeve Cummings, Alan I Rea. a2nd ed. aNew York :bMcGraw-Hill/Irwin,cc2004. axxiv, 428 p. :bill. (some col.) ;c29 cm. aIncludes Index. aIncludes bibliographical references. 0aInformation technologyxManagement. 0aManagement information systems. 0aInformation resources management. 0aIndustrial managementxTechnological innovations. aRea, Alan I. aCummings, Maeve.20230123124858.0 cNUST